| 000 | 00884nam a22002297a 4500 | ||
|---|---|---|---|
| 003 | OSt | ||
| 005 | 20260212095023.0 | ||
| 008 | 230915b ||||| |||| 00| 0 eng d | ||
| 040 | _c0 | ||
| 082 | _aDPer 570 J826 February-November 2020 v. 54 n. 1-5 | ||
| 100 |
_aWeissova, Monika. _eauthor. _949052 |
||
| 245 |
_aAlternative conceptions of obesity and perception of obese people amongst children / _cMonika Weissova and Pavol Prokop. |
||
| 260 |
_aUnited Kingdom ; _bTaylor & Francis Group , _cNovember 2020. |
||
| 300 |
_aVolume 54, pages 463-475 : _billustration ; _c25 cm. |
||
| 500 | _aJournal of Biological Education, vol. 54, no. 5, pages 463-475, November 2020. | ||
| 650 |
_aHealth. _949053 |
||
| 650 |
_aBody weight. _949054 |
||
| 650 |
_aObesity. _949055 |
||
| 700 |
_aWeissova, Monika. _eauthor. _949052 |
||
| 700 |
_aProkop, Pavol. _eauthor. _949056 |
||
| 942 |
_2ddc _cPER |
||
| 999 |
_c18203 _d18203 |
||